000 00892nam a22002417a 4500
003 UA-OsUOA
001 23559
007 ta
008 20040123b un ||||| |||| 00| 0 ukr d
090 _a316(477)
_bЧ75
942 _cBK
040 _aUA-OsUOA
_bukr
_cUA-OsUOA
_dUA-OsUOA
245 _aЧорнобиль і Соціум
_bДинаміка соціальних процесів: соціально - психологічний моніторинг наслідків чорнобильської катастрофи
_cРед. Ю.І.Саєнко
300 _a267 с.
_bІлюстрації
955 _a0
041 _aukr
080 _a316(477)
020 _a966-02-0374-8
260 _aКиїв
_bІнститут соціології НАНУ, Центр соціальних експертиз і прогнозів
_c1997
044 _aUA
650 7 _2UDC
999 _c309810
_d309810